Dynasties of the Roman Empire - Statistics

General Stats
  • This quiz has been taken 102 times
  • The average score is 4 of 7
Answer Stats
Dates Dynasty % Correct
-27 – 68 Julio-Claudian
89%
69 – 96 Flavian
71%
96 – 192 Nerva-Antonine
64%
193 – 235 Severan
60%
324 – 364 Constantinian
50%
364 – 392 Valentinianic
44%
392 – 455 Theodosian
42%
No matching quizzes found
Score Distribution
Percent of People with Each Score
Percentile by Number Answered
Your Score History
You have not taken this quiz